Central Library OPAC University of Rajshahi

Advances in electron tube techniques : (Record no. 14384)

MARC details
000 -LEADER
fixed length control field 00915cam a22002412 4500
001 - CONTROL NUMBER
control field 14384
003 - CONTROL NUMBER IDENTIFIER
rucl marc code BD-RjUL
005 - DATE AND TIME OF LATEST TRANSACTION
control field 20211208235622.0
008 - FIXED-LENGTH DATA ELEMENTS--GENERAL INFORMATION
fixed length control field 140205s1963 xx 001 0 eng d
035 ## - SYSTEM CONTROL NUMBER
System control number (BD-RjUL)14436
040 ## - CATALOGING SOURCE
Original cataloging agency APL
Transcribing agency APL
Modifying agency BD-RjUL
Language of cataloging eng
041 ## - LANGUAGE CODE
Language code of text/sound track or separate title eng
082 00 - DEWEY DECIMAL CLASSIFICATION NUMBER
Classification number 621.384134
Author mark and year NAA 1963
111 2# - MAIN ENTRY--MEETING NAME
Meeting name or jurisdiction name as entry element National Conference on Tube Techniques
Number of part/section/meeting (6th :
Date of meeting 1962)
9 (RLIN) 44878
245 10 - TITLE STATEMENT
Title Advances in electron tube techniques :
Remainder of title Proceedings of the conference september, 1962 /
Statement of responsibility, etc. Edited by David Slater. Sponsored by the Advisory Group on Electron Devices, Office of the Director of Defense Research and Engineering.
260 ## - PUBLICATION, DISTRIBUTION, ETC. (IMPRINT)
Place of publication, distribution, etc. New York :
Name of publisher, distributor, etc. Macmillan,
Date of publication, distribution, etc. c1963.
300 ## - PHYSICAL DESCRIPTION
Pagination viii, 280 p. :
Illustrations illus. ;
Size 28 cm.
490 0# - SERIES STATEMENT
Series statement A Pergamon press book
504 ## - BIBLIOGRAPHY, ETC. NOTE
Bibliography, etc Includes bibliographies and index.
650 #0 - SUBJECT ADDED ENTRY--TOPICAL TERM
Topical term or geographic name as entry element Electron tubes.
9 (RLIN) 42827
700 1# - ADDED ENTRY--PERSONAL NAME
Personal name Slater, David Neville.
942 ## - ADDED ENTRY ELEMENTS (KOHA)
Source of classification or shelving scheme Dewey Decimal Classification
Koha item type Books
Holdings
Lost status Source of classification or shelving scheme Damaged status Not for loan Collection code Permanent Location Current Location Shelving location Date acquired Source of acquisition Cost, normal purchase price Total Checkouts Full call number Date last seen Copy number Koha item type
  Dewey Decimal Classification   Not For Loan Non-fiction Central Library, University of Rajshahi Central Library, University of Rajshahi Reading Room 20/08/1968 Sweels & Zeitlinger 162.00   621.384134 NAA 1963 05/02/2014 C-1 Books